[Event "ESP-chT U16"]
[Site "Aviles"]
[Date "2008.06.28"]
[Round "5.3"]
[White "Lopez Grana, Carmen"]
[Black "Valle Olivares, Ana"]
[Result "1-0"]
[WhiteElo "1641"]
[BlackElo "1619"]
[PlyCount "43"]
[EventDate "2008.06.25"]
[EventType "team-swiss"]
[EventRounds "6"]
[EventCountry "ESP"]
[SourceTitle "EXT 2010"]
[Source "ChessBase"]
[SourceDate "2010.11.25"]
[SourceVersion "1"]
[SourceVersionDate "2010.11.25"]
[SourceQuality "1"]

1. e4 e6 2. d4 d5 3. Nc3 Nf6 4. e5 Nfd7 5. f4 c5 6. Nf3 Nc6 7. Be3 Qb6 8. Na4 Qa5+ 9. c3 cxd4 10. b4 Qd8 11. Nxd4 Nxd4 12. Bxd4 f6 13. Qg4 Qe7 14. Bd3 fxe5 15. fxe5 Qf7 16. Rf1 Qg8 17. Rf3 g6 18. Kf1 Nb8 19. b5 b6 20. c4 Nd7 21. cxd5 exd5 22. e6 1-0

[Event "ESP-chT U16"]
[Site "Aviles"]
[Date "2008.06.26"]
[Round "2.3"]
[White "Calderon Diestro, Maria Victoria"]
[Black "Lopez Grana, Carmen"]
[Result "1/2-1/2"]
[WhiteElo "1745"]
[BlackElo "1725"]
[PlyCount "120"]
[EventDate "2008.06.25"]
[EventType "team-swiss"]
[EventRounds "6"]
[EventCountry "ESP"]
[SourceTitle "EXT 2010"]
[Source "ChessBase"]
[SourceDate "2010.11.25"]
[SourceVersion "1"]
[SourceVersionDate "2010.11.25"]
[SourceQuality "1"]

1. e4 e6 2. d3 d5 3. Nd2 Nf6 4. Ngf3 Nc6 5. g3 dxe4 6. dxe4 e5 7. Bg2 a5 8. 0-0 Bc5 9. Qe2 0-0 10. c3 b6 11. Rd1 Ba6 12. c4 Ng4 13. Nb3 Bxf2+ 14. Kh1 Bxc4 15. Rxd8 Bxe2 16. Rd2 Rad8 17. Rxe2 Rd1+ 18. Bf1 a4 19. Nbd2 Be3 20. Kg2 Rd8 21. h3 Bxd2 22. Nxd2 Nf6 23. Nf3 Nd4 24. Rd2 Rxd2+ 25. Nxd2 Nc2 26. Rb1 Ne3+ 27. Kf3 Nxf1 28. Nxf1 Rd4 29. Bg5 Nxe4 30. Be3 Rc4 31. Rd1 f5 32. Rd5 Kf7 33. Rxe5 Kf6 34. Re8 Rc2 35. Ra8 b5 36. Rb8 c6 37. g4 Nd6 38. Ng3 fxg4+ 39. hxg4 Kg6 40. Bd4 c5 41. Rb6 cxd4 42. Rxd6+ Kf7 43. Rxd4 Rxb2 44. Rd5 Ke6 45. Rh5 h6 46. Rf5 g6 47. Rc5 b4 48. Rb5 b3 49. axb3 Rxb3+ 50. Rxb3 axb3 51. Ne2 Kd5 52. Ke3 Kc4 53. Kd2 Kb4 54. Nc1 b2 55. Nd3+ Kb3 56. Nxb2 Kxb2 57. Kd3 Kb3 58. Kd4 Kb4 59. Ke5 Kc5 60. Kf6 h5 1/2-1/2